Giới thiệu quyển II bộ "Tư bản" của Các Mác

Nghiên cứu quá trình lưu thông tư bản chủ nghĩa qua các nội dung: Những biến hoá hình thái của tư bản và tuần hoàn của những biến hoá hình thái ấy; chu chuyển của tư bản; tái sản xuất và lưu thông của tổng tư bản xã hội...

Description complète

Enregistré dans:
Détails bibliographiques
Auteur principal: Rôdenbe, Đ.I
Format: Livre
Langue:Undetermined
Publié: H. Chính trị Quốc gia 2018
Sujets:
Accès en ligne:http://lrc.tdmu.edu.vn/opac/search/detail.asp?aID=2&ID=33103
Tags: Ajouter un tag
Pas de tags, Soyez le premier à ajouter un tag!
Thư viện lưu trữ: Trung tâm Học liệu Trường Đại học Thủ Dầu Một
LEADER 00996nam a2200205Ia 4500
001 TDMU_33103
008 210410s9999 xx 000 0 und d
082 |a 796.33409597 
090 |b R451 
100 |a Rôdenbe, Đ.I 
245 0 |a Giới thiệu quyển II bộ "Tư bản" của Các Mác 
245 0 |c Đ. I. Rôdenbe 
260 |a H. 
260 |b Chính trị Quốc gia 
260 |c 2018 
300 |a 404 tr 
520 |a Nghiên cứu quá trình lưu thông tư bản chủ nghĩa qua các nội dung: Những biến hoá hình thái của tư bản và tuần hoàn của những biến hoá hình thái ấy; chu chuyển của tư bản; tái sản xuất và lưu thông của tổng tư bản xã hội 
650 |a Chủ nghĩa Mác  |x Kinh tế chính trị  
856 |u http://lrc.tdmu.edu.vn/opac/search/detail.asp?aID=2&ID=33103 
980 |a Trung tâm Học liệu Trường Đại học Thủ Dầu Một